000 00274nam a22001337a 4500
008 180912b xxu||||| |||| 00| 0 eng d
020 _a0201203391
041 _aeng
080 _a510
100 _a36
101 _aMAT
245 _aAlgebra
_cKeedy, M.L
942 _2udc
_cBK
999 _c47704
_d47704